000 00319nam a2200121Ia 4500
008 191201s2019 xx 000 0 und d
100 _aGokhale,S.B & Other
245 0 _aPharmacognosy of Traditional Drugs
260 _bNirali Prakashan
_aNew Delhi
_c2019
300 _aMisc.
650 _aPharmacognosy
942 _2ddc
_cBK
999 _c8389
_d8389